000 00774cam a22002653a 4500
001 16990
003 PGUSA
005 20140828083349.0
008 060208s2006||||xxu|||||s|||||000 p eng d
040 _aPGUSA
_beng
042 _adc
050 4 _aPZ
100 1 _aClarke, Michael,
_d-1916
245 1 4 _aThe Story of Troy
_h[electronic resource] /
_cMichael Clarke
260 _bProject Gutenberg,
_c2006
506 _aPublic domain in the USA.
516 _aElectronic text
653 _aTrojan War -- Juvenile literature
653 _aAchilles (Greek mythology) -- Juvenile literature
653 _aEpic poetry, Greek -- Adaptations
653 _aReaders
830 0 _aProject Gutenberg
_v16990
856 4 0 _uhttp://www.gutenberg.org/ebooks/16990
942 _cEB
999 _c246245
_d246245